000 00959nam a2200217Ia 4500
005 20251215152029.0
008 250219s9999||||xx |||||||||||||| ||und||
100 _aغباش، عادل
245 0 _aفعالية الإختبارات البدنية و التحاليل الطبية في الوقاية من الإصابات الرياضية لدى لاعبي كرة القدم
260 _aالجزائر
_c2017
300 _a210 و.
_c30 سم.
502 _aدكتوراه
502 _cمعهد التربية البدنية و الرياضية، جامعة الجزائر 3
653 _aالإصابا ت الرياضية
653 _aالطب الرياضي
653 _aبيوطبي رياضي
700 _aحريتي, حكيم
710 _aمعهد التربية البدنية و الرياضية، جامعة الجزائر 3
856 _u https://dspace.univ-alger3.dz/jspui/handle/123456789/3262
942 _cأطروحات
999 _c14404
_d14404